Recasting Moses (Record no. 61227)
[ view plain ]
| 000 -LEADER | |
|---|---|
| fixed length control field | 01492nam a2200337Ia 4500 |
| 100 1# - MAIN ENTRY--AUTHOR NAME | |
| Personal name | Damgaard, Finn. |
| 245 10 - TITLE STATEMENT | |
| Title | Recasting Moses |
| 260 ## - PUBLICATION, DISTRIBUTION, ETC. (IMPRINT) | |
| Place of publication | Frankfurt am Main : |
| Name of publisher | Peter Lang Edition, |
| Year of publication | c2013. |
| 300 ## - PHYSICAL DESCRIPTION | |
| Number of Pages | xii, 264 p. |
| 490 1# - SERIES STATEMENT | |
| Series statement | Early Christianity in the context of antiquity ; |
| 650 #0 - SUBJECT ADDED ENTRY--TOPICAL TERM | |
| Topical Term | Christian literature, Early |
| Topical Term | Greek literature, Hellenistic |
| 856 40 - ELECTRONIC LOCATION AND ACCESS | |
| Uniform Resource Identifier | http://site.ebrary.com/lib/rucke/Doc?id=10666079 |
No items available.
